[Event "EU-Cup 39th"]
[Site "Vrnjacka Banja"]
[Date "2024.10.25"]
[Round "6.6"]
[White "Daros, Lukasz"]
[Black "Lachaert, Tibo"]
[Result "0-1"]
[WhiteElo "1772"]
[BlackElo "1911"]
[PlyCount "158"]
[EventDate "2024.10.20"]
[EventType "team-swiss"]
[EventRounds "7"]
[EventCountry "SRB"]
[SourceTitle "CB44_2024"]
[Source "Chessbase"]
[SourceDate "2024.10.30"]
[SourceVersion "1"]
[SourceVersionDate "2024.10.30"]
[SourceQuality "1"]
[WhiteTeam "Ennis"]
[BlackTeam "Wetters Vrijpion"]
[WhiteTeamCountry "IRL"]
[BlackTeamCountry "BEL"]

1. e4 c6 2. d4 d5 3. Nd2 dxe4 4. Nxe4 Nd7 5. Bc4 e6 6. Bf4 Ngf6 7. Qe2 Nxe4 8. Qxe4 Nb6 9. Bb3 Be7 10. Nf3 Nd5 11. 0-0-0 a5 12. c4 Nxf4 13. Qxf4 0-0 14. d5 cxd5 15. cxd5 Qb6 16. dxe6 Bxe6 17. Bxe6 fxe6 18. Qe4 Bf6 19. Rd2 Rad8 20. Re2 Rd6 21. h4 Qb5 22. Ne5 Bxe5 23. Qxe5 Qxe5 24. Rxe5 Rxf2 25. Rxa5 Rb6 26. b3 Rc6+ 27. Kd1 Rcc2 28. Rf1 Rxa2 29. Rxf2 Rxf2 30. Rb5 Rf7 31. Ke2 Rc7 32. Rb6 Kf7 33. Ke3 Kf6 34. Kf4 h5 35. Rb5 g6 36. Rb6 Rd7 37. Ke4 Rc7 38. Rb5 Rg7 39. Kf4 Re7 40. Rb6 Rd7 41. Ke4 Rg7 42. Kf4 Re7 43. Ke4 Rd7 44. Rb5 Rd2 45. Kf3 Rd3+ 46. Kf4 e5+ 47. Rxe5 Rxb3 48. Re8 Rb4+ 49. Kg3 Rg4+ 50. Kh3 b5 51. g3 Kf5 52. Rb8 b4 53. Rb5+ Ke6 54. Kg2 Kd6 55. Kf3 Kc6 56. Rb8 Kc5 57. Rc8+ Kd4 58. Ke2 Rxg3 59. Kd2 Rg2+ 60. Kc1 Rg4 61. Rc6 Kd5 62. Rb6 Kc4 63. Kb2 Rg2+ 64. Kc1 Kb3 65. Rc6 Rg4 66. Rb6 Rc4+ 67. Kd2 Kb2 68. Kd3 Rxh4 69. Rxg6 Rg4 70. Rh6 h4 71. Ke3 Kc3 72. Rc6+ Rc4 73. Rd6 b3 74. Rd3+ Kc2 75. Rd2+ Kc1 76. Rh2 b2 77. Rh1+ Kc2 78. Rh2+ Kb3 79. Rh1 Rc1 0-1

[Event "EU-Cup 39th"]
[Site "Vrnjacka Banja"]
[Date "2024.10.22"]
[Round "3.6"]
[White "Daros, Lukasz"]
[Black "Petersen, Finn Christopher"]
[Result "0-1"]
[WhiteElo "1772"]
[BlackElo "1905"]
[PlyCount "80"]
[EventDate "2024.10.20"]
[EventType "team-swiss"]
[EventRounds "7"]
[EventCountry "SRB"]
[SourceTitle "CB44_2024"]
[Source "Chessbase"]
[SourceDate "2024.10.30"]
[SourceVersion "1"]
[SourceVersionDate "2024.10.30"]
[SourceQuality "1"]
[WhiteTeam "Ennis"]
[BlackTeam "Kiel Doppelbauer"]
[WhiteTeamCountry "IRL"]
[BlackTeamCountry "GER"]

1. e4 e5 2. Nf3 Nc6 3. Bb5 a6 4. Ba4 Nf6 5. 0-0 b5 6. Bb3 Bc5 7. c3 d6 8. d4 Bb6 9. a4 Rb8 10. axb5 axb5 11. dxe5 Nxe5 12. Nxe5 dxe5 13. Qxd8+ Kxd8 14. Bg5 Ke7 15. Kh1 Bb7 16. f3 h6 17. Bxf6+ gxf6 18. Rd1 Rbd8 19. Na3 c6 20. g3 Bc8 21. Nc2 h5 22. Nb4 Bb7 23. Kg2 Be3 24. Kf1 h4 25. g4 h3 26. Nc2 Bf4 27. Kg1 Rxd1+ 28. Rxd1 c5 29. Ne1 c4 30. Bc2 Rd8 31. b3 Rd2 32. Rxd2 Bxd2 33. Kf2 Bxc3 34. bxc4 bxc4 35. Ba4 Bd2 36. Nc2 Bf4 37. Bb5 c3 38. Bf1 Bc6 39. Nb4 Kd6 40. Nxc6 c2 0-1

[Event "EU-Cup 39th"]
[Site "Vrnjacka Banja"]
[Date "2024.10.21"]
[Round "2.6"]
[White "Daros, Lukasz"]
[Black "Arsovic, Jelena"]
[Result "0-1"]
[WhiteElo "1772"]
[BlackElo "1946"]
[PlyCount "74"]
[EventDate "2024.10.20"]
[EventType "team-swiss"]
[EventRounds "7"]
[EventCountry "SRB"]
[SourceTitle "CB44_2024"]
[Source "Chessbase"]
[SourceDate "2024.10.30"]
[SourceVersion "1"]
[SourceVersionDate "2024.10.30"]
[SourceQuality "1"]
[WhiteTeam "Ennis"]
[BlackTeam "Jugovic"]
[WhiteTeamCountry "IRL"]
[BlackTeamCountry "SRB"]

1. e4 c6 2. d4 d5 3. f3 e6 4. Nc3 Bb4 5. Bd2 Bxc3 6. Bxc3 dxe4 7. Qd2 Nf6 8. 0-0-0 exf3 9. Nxf3 Ne4 10. Qe3 Nxc3 11. Qxc3 0-0 12. h4 Nd7 13. h5 h6 14. Be2 Nf6 15. Kb1 Qd5 16. Ne5 Ne4 17. Qe3 Ng5 18. Bf3 Qd6 19. g4 Bd7 20. Be2 Rad8 21. Nf3 Nxf3 22. Bxf3 Qe7 23. Rdf1 Qg5 24. Qc3 b6 25. Re1 f6 26. Qb3 c5 27. dxc5 bxc5 28. Qa3 Qf4 29. Be2 Bc6 30. Rhf1 Qd4 31. Qa5 Rb8 32. b3 Bg2 33. Rg1 Bd5 34. Rd1 Qe3 35. Rde1 Qd4 36. Qxa7 Ra8 37. Qc7 Rxa2 0-1